My paintings in hyde park & people I met during: (Record no. 145151)

MARC details
000 -LEADER
fixed length control field 00576nam a22001817a 4500
005 - DATE AND TIME OF LATEST TRANSACTION
control field 20170921143458.0
010 ## - LCCN (DPL NO)
LC control number ENG-120438
020 ## - INTERNATIONAL STANDARD BOOK NUMBER
Terms of availability 500.00
International Standard Book Number 9789350732403
035 ## - SYSTEM CONTROL NUMBER
System control number EN-103970
037 ## - SOURCE OF ACQUISITION
Source of stock number/acquisition DBAD/PUB
082 ## - DEWEY DECIMAL CLASSIFICATION NUMBER
Classification number 759.2
100 ## - MAIN ENTRY--PERSONAL NAME
Personal name Mirza,Jamshed
245 ## - TITLE STATEMENT
Title My paintings in hyde park & people I met during:
Statement of responsibility, etc by-Jamshed Mirza
Remainder of title 2011-2013 /
260 ## - PUBLICATION, DISTRIBUTION, ETC. (IMPRINT)
Place of publication, distribution, etc Delhi
Name of publisher, distributor, etc Educational Publishing House
Date of publication, distribution, etc 2013
270 ## - ADDRESS
City Delhi
Address 3108,Vakil Street,Kucha Pandit,Lal Kuan
Postal code 6
300 ## - PHYSICAL DESCRIPTION
Extent 120p.
Dimensions 22cm(H.b)
Other physical details ill.(col.)
942 ## - ADDED ENTRY ELEMENTS (KOHA)
Item type English Books
Classification part 759.2
Call number suffix MIR
Source of classification or shelving scheme Dewey Decimal Classification
Holdings
Withdrawn status Lost status Not for loan Collection code Home library Current library Date acquired Source of acquisition Cost, normal purchase price Full call number Barcode Copy number Cost, replacement price Koha item type
      Non-fiction Central Library Central Library 21/09/2017 DBAD 500.00 759.2 MIR EN-103970 1 500.00 English Books

© Delhi Public Library
Hit Counter
free hit counter